| 000 | 00830nam0a2200289 4500 | ||
|---|---|---|---|
| 001 | RU\NLR\bibl\60690 | ||
| 005 | 20250616091443.0 | ||
| 010 | _a5-237-02553-6 | ||
| 010 |
_a5-86290-352-6 _bВнешсигма |
||
| 010 |
_a5-237-02630-3 _bИзд-во АСТ _915000 |
||
| 021 |
_aRU _b99-38937 _91921 |
||
| 035 | _a(NLR Aleph) 000059201 | ||
| 090 |
_a321583 _c321583 |
||
| 100 | _a19991125d1999 |||y0rusy50 ca | ||
| 101 | 1 | _arus | |
| 102 | _aRU | ||
| 105 | _aa ||||||||| | ||
| 200 | 1 |
_a100 новых фенечек _f[Пер. Мещерякова С.] |
|
| 210 |
_aМ. _cВнешсигма _cАСТ _d1999 |
||
| 215 |
_a79,[1] с. _cцв. ил. _d27 |
||
| 686 |
_aШ9 _bН99 |
||
| 801 | 0 |
_aRU _bNLR _c19991125 _gPSBO |
|
| 801 | 1 |
_aRU _bNLR _c19991125 |
|
| 852 |
_aNLR _j99-7/2257 |
||
| 942 | _cBOOK | ||
| 980 | _aNB | ||